000 00265nam a2200109Ia 4500
005 20251222114408.0
008 251222s1900||||xx |||||||||||||| ||spa||
082 _aDVD0120/L25/1995
245 0 _aPavarotti and levine in recital
264 _bRudas, Tibor
942 _cDVD
999 _c1909
_d1909